Ritual music and Hindu rituals of Kerala (Record no. 27692)
[ view plain ]
| 000 -LEADER | |
|---|---|
| fixed length control field | 00482nam a2200181Ia 4500 |
| 005 - DATE AND TIME OF LATEST TRANSACTION | |
| control field | 20251009115237.0 |
| 008 - FIXED-LENGTH DATA ELEMENTS--GENERAL INFORMATION | |
| fixed length control field | 231207s9999 xx 000 0 und d |
| 020 ## - INTERNATIONAL STANDARD BOOK NUMBER | |
| International Standard Book Number | 9788188827077 |
| 040 ## - CATALOGING SOURCE | |
| Transcribing agency | PK-LaNCA |
| 082 ## - DEWEY DECIMAL CLASSIFICATION NUMBER | |
| Classification number | 781.745 |
| Item number | KIL |
| 100 ## - MAIN ENTRY--PERSONAL NAME | |
| Author Name | Killius, Rolf |
| 245 #0 - TITLE STATEMENT | |
| Title | Ritual music and Hindu rituals of Kerala |
| Statement of responsibility, etc. | Rolf Killius |
| 260 ## - PUBLICATION, DISTRIBUTION, ETC. | |
| Name of publisher, distributor, etc. | B. R. Rhythms |
| Place of publication, distribution, etc. | Delhi |
| Date of publication, distribution, etc. | 2006 |
| 300 ## - PHYSICAL DESCRIPTION | |
| Pages | viii, 135p |
| Other physical details | ill |
| 546 ## - LANGUAGE NOTE | |
| Language note | English |
| 650 ## - SUBJECT ADDED ENTRY--TOPICAL TERM | |
| Subject | Rituals music., Music. |
| 942 ## - ADDED ENTRY ELEMENTS (KOHA) | |
| Koha item type | Musicology |
| 999 ## - | |
| -- | 27692 |
| -- | 27692 |
| Withdrawn status | Weedout from Library | Permanent Location | Current Location | Shelving location | Date acquired | Full call number | Barcode | Price effective from | Koha item type |
|---|---|---|---|---|---|---|---|---|---|
| NATIONAL COLLEGE OF ARTS, LAHORE - LIBRARY | NATIONAL COLLEGE OF ARTS, LAHORE - LIBRARY | Musicology Section Basement of Library | 08/12/2023 | MUS 781.745 KIL 32156 | 32156 | 08/12/2023 | Musicology |